| 000 | 00686nam a2200181 a 4500 | ||
|---|---|---|---|
| 001 | 000047917 | ||
| 005 | 20201002060817.0 | ||
| 008 | 181004s1968 dr ac 000 0 spa d | ||
| 040 |
_aDO-SdBNP _bspa _cBNPHU |
||
| 082 |
_axxxx _bxxxx |
||
| 245 | 0 | 0 |
_aQuisqueya : _blibro inicial de lectura / _cJosé Nícolas Almanzar García... ; Felix Adam ... |
| 260 |
_aSanto Domingo : _bGrafarte Editorial, _c1968. |
||
| 300 |
_a104 p. : _bil., retrs. ; _c24. |
||
| 500 | _aAdaptación del libro venezolano de lectura inicial "Abajo cadenas" Campaña nacional de alfabetización | ||
| 590 | _aInventariado, 2019/LP | ||
| 700 | 1 |
_aAlmanzar García, José Nícolas _93006 |
|
| 700 | 1 |
_aAdam, Felix _937555 |
|
| 999 |
_c47405 _d47405 |
||